British railway steam in colour

Bibliographic Details
Main Author: Vinvent, Mike
Format: Book
Published: England : Argus Books , 1992
Subjects:

MARC

LEADER 00000cam a2200000 7i4500
001 0000002689
002 000002917
005 20000330.0
020 |a 1854860739 
090 0 0 |a 385.361   |b VIN 
100 1 |a Vinvent, Mike 
245 1 0 |a British railway steam in colour   |c Mike Vincent 
260 |a England :   |b Argus Books ,   |c 1992 
300 |a 159p. ;   |c 30cm. 
650 0 0 |a Steam locomotive 
999 |a 036160   |b BUKU   |c PINJAMAN   |e PERPUSTAKAAN KOMUNITI PETALING JAYA